Metro Warszawskie 2050 - Statystyki

Ogólne statystyki
  • Ten quiz został rozwiązany 214 razy
  • Średni wynik to 53 z 109
Statystyki odpowiedzi
M1 % Poprawnych
Centrum
87%
Kabaty
86%
Świętokrzyska
84%
Młociny
83%
Stadion Narodowy
79%
Pole Mokotowskie
78%
Wilanów
78%
Natolin
77%
Bemowo
76%
Dworzec Gdański
76%
Imielin
76%
Marymont
76%
Politechnika
76%
Rondo ONZ
74%
Plac Wilsona
73%
Rondo Daszyńskiego
73%
Stare Bielany
73%
Centrum Nauki Kopernik
72%
Dworzec Wileński
72%
Ratusz-Arsenał
71%
Wawrzyszew
71%
Bródno
70%
Ursynów
70%
Racławicka
69%
Służew
69%
Wilanowska
69%
Nowy Świat-Uniwersytet
68%
Targówek Mieszkaniowy
67%
Księcia Janusza
66%
Plac Konstytucji
66%
Płocka
65%
Słodowiec
65%
Kondratowicza
64%
Trocka
64%
Ursus
64%
Stokłosy
63%
Szwedzka
62%
Wierzbno
61%
Zacisze
61%
Dworzec Wschodni
60%
Gocław
60%
Młynów
58%
Ulrychów
56%
Karolin
54%
Ursus Niedźwiadek
52%
Lazurowa
50%
Muranów
50%
Żwirki i Wigury
50%
Żerań FSO
47%
Dworzec Zachodni
45%
Tarchomin
44%
Gocławek
41%
Stadion Narodowy
40%
Chrzanów
39%
Wiatraczna
39%
Ostrobramska
37%
Plac Narutowicza
37%
Służewiec
36%
Toruńska
35%
Szamoty
33%
Mińska
32%
Plac Zawiszy
31%
Saska Kępa
31%
Potok
30%
Siekierki
30%
Ruda
29%
Rakowiec
28%
Rondo Radosława
28%
Rondo Unii Europejskiej
28%
Banacha
27%
Ursus Północny
27%
Aleje Jerozolimskie
25%
Cmentarz Żydowski
25%
Stegny
25%
Czerniaków
24%
Sielce
24%
Sobieskiego
24%
Nowaka-Jeziorańskiego
22%
Plac Grunwaldzki
22%
Solec
22%
Stare Świdry
22%
Stary Mokotów
22%
Filtry
21%
Henryków
21%
Wyględów
21%
Kercelak
18%
Marsa
18%
Witolin
18%
Piękna
17%
Plac Tysiąclecia
17%
Dolina Służewiecka
16%
Ksawerów
16%
Przyczółek Grochowski
15%
Skorosze
14%
Gościniec
13%
Wiktoryn
13%
Kanał Gocławski
12%
Śmigłowca
11%
Nie znaleziono quizów pasujących do podanych kryteriów
Rozkład punktacji
Procent ludzi z każdym wynikiem
Percentyl według liczby udzielonych odpowiedzi
Twoja historia wyników
Nie rozwiązałeś tego quizu